000 00753nam a2200229Ia 4500
001 11502
003 GE_BSU
008 181216s||||||||xx |||||||||||||| ||und||
040 _cGE_BSU
080 _a634(075.8)
100 _aხომიზურაშვილი,ნ.მ.
245 _aმეხილეობა.
245 _bსახელმძღვ.სამწლიანი აგროტექნიკური კურსებისათვის.
245 _cრედ:ი.მაღალაშვილი.
260 _aთბილისი.
260 _bსახელგამი.
260 _c1952.
300 _a211გვ;22სმ.
300 _eილ.
653 _aმეხილეობა.
942 _cBK
999 _c44698
_d44698